Five key principles of corporate performance management
Αποθηκεύτηκε σε:
| Κύριος συγγραφέας: | |
|---|---|
| Μορφή: | Βιβλίο |
| Γλώσσα: | English |
| Δημοσίευση: |
Hoboken, N.J. :
John Wiley & Sons,
c2007
|
| Θέματα: | |
| Ετικέτες: |
Προσθήκη ετικέτας
Δεν υπάρχουν, Καταχωρήστε ετικέτα πρώτοι!
|
MARC
| LEADER | 00000nam a2200000 i 4500 | ||
|---|---|---|---|
| 001 | 1/96525 | ||
| 008 | 081104s2007 eng d | ||
| 020 | |a 978-0-470-00991-8 | ||
| 020 | |a 0-470-00991-8 | ||
| 035 | |l 10101374 | ||
| 040 | |a GR-MY-UA |b gre |e aacr | ||
| 041 | 0 | |a eng | |
| 082 | 0 | |a 658.406 |2 (22) | |
| 100 | 1 | |a Paladino, Bob |d 1959- | |
| 245 | 1 | 0 | |a Five key principles of corporate performance management / |c Bob Paladino |
| 260 | |a Hoboken, N.J. : |b John Wiley & Sons, |c c2007 | ||
| 300 | |a xiv, 386 σ.; |b εικ., σχ.; |c 24 εκ. | ||
| 504 | |a Περιλαμβάνει βιβλιογραφικές παραπομπές και ευρετήριο | ||
| 650 | 0 | 0 | |a Organizational effectiveness. |
| 650 | 0 | 0 | |a Performance |x Case studies. |
| 650 | 0 | 0 | |a Management. |
| 650 | 0 | 0 | |a Executives. |
| 852 | |a INST |b CHIOS |e 20081104 |h 658.406 PAL |p 005200030983 |q 005200030983 |t BK |y 0 | ||
| 901 | |a BIBL2-2008-3 | ||
| 909 | |a Χ |b 153725 | ||
| 922 | |a 2ΕΛΗ |b 200809 |c ΕΠΕΑΕΚ2/ΤΔΕ |d Ι. ΜΙΧΑΛΟΠΟΥΛΟΣ | ||
| 970 | |a ΒΑΣΙΛΑΚΗ |b ΝΙΚΗ |z 2008/11/04 | ||